| 000 | 00669nam a2200193Ia 4500 | ||
|---|---|---|---|
| 003 | GCL | ||
| 008 | 140319s9999 xx 000 0 ara d | ||
| 020 | _a0064339977 | ||
| 040 |
_aGCL / _cGCL |
||
| 082 | 0 | 4 |
_a811.9569 _bح ق |
| 100 | 1 | _aحسين مجيب المصرى | |
| 245 | 1 | 0 |
_aالقدس الشريف بين شعراء الشعوب الاسلامية / _cحسين مجيب المصرى |
| 250 | _aالاولى | ||
| 260 |
_aالقاهرة : _bالدار الثقافية للنشر ، _c2002 |
||
| 300 |
_a224 ص ؛ _c24 سم |
||
| 650 | 0 | 4 | _aالشعر العربى - تاريخ ونقد |
| 650 | 0 | 4 | _aالشعر العربى - القدس |
| 942 |
_2ddc _cBK |
||
| 999 |
_c5129 _d5129 |
||